00442nam a2200145Ia 4500003000400000005001700004008004100021040000900062082001900071100002400090245008000114260006300194300000800257650003100265OSt20201216132431.0190216s9999||||xx |||||||||||||| ||und|| coclc a027.554bGOV/A aGovernment Of India 0aAnnual Report Of The National Archives Of India 1985 /cGovernment Of India bThe Director Of Archives Govt Of India,c1985.aNew Delhi: a41p aNational Archives Of India